000 00298nam a22001337a 4500
008 180906b xxu||||| |||| 00| 0 eng d
020 _a9780071545211
041 _aeng
080 _a339.13
100 _a60
101 _aMKT
245 _aPersonality not included
_cBhargava, R
942 _2udc
_cBK
999 _c47598
_d47598